Le minotaure de "l'honneur" (Record no. 45783)

MARC details
000 -LEADER
campo de control de longitud fija 00650nam a2200181 i 4500
001 - NÚMERO DE CONTROL
campo de control 45783
003 - IDENTIFICADOR DE NÚMERO DE CONTROL
campo de control ES-MaACL
005 - FECHA Y HORA DE LA ÚLTIMA TRANSACCIÓN
campo de control 20230906161256.0
007 - CAMPO FIJO DE DESCRIPCIÓN FÍSICA--INFORMACIÓN GENERAL
campo de control de longitud fija t|
008 - DATOS DE LONGITUD FIJA--INFORMACIÓN GENERAL
campo de control de longitud fija 030326s1903 fr ||||1| fre d
100 1# - ENTRADA PRINCIPAL--NOMBRE DE PERSONA
Nombre de persona Coudenhove-Kalergi, Heinrich.
9 (RLIN) 41220
245 13 - MENCIÓN DEL TÍTULO
Título Le minotaure de "l'honneur"
Resto del título : étude sur le mouvement antiduelliste et le erreurs les plus répandues en matère de duel /
Mención de responsabilidad, etc. Heinrich Coudenhove ; traduit de l'allemand par M. Rameau.
260 ## - PUBLICACIÓN, DISTRIBUCIÓN, ETC.
Lugar de publicación, distribución, etc. Perpignan :
Nombre del editor, distribuidor, etc. [s.n.,
Fecha de publicación, distribución, etc. 1903] (
Fabricante Imp. de C. Latrobe)
300 ## - DESCRIPCIÓN FÍSICA
Extensión 78 p. ;
Dimensiones 23 cm.
650 04 - PUNTO DE ACCESO ADICIONAL DE MATERIA--TÉRMINO DE MATERIA
Término de materia o nombre geográfico como elemento de entrada Duelos.
9 (RLIN) 11988
700 1# - ENTRADA AGREGADA--NOMBRE PERSONAL
Nombre de persona Rameau, M.
9 (RLIN) 95079
852 ## - LOCALIZACIÓN
Ubicación ES-MaACL
Número de control de estantería T-1037-F-12
Holdings
Estatus retirado Estado de pérdida Estado de daño No para préstamo Colección Biblioteca de origen Biblioteca actual Ubicación en estantería Fecha de adquisición Fuente de adquisición Total de préstamos Signatura topográfica completa Código de barras Visto por última vez Precio de reemplazo Tipo de ítem Koha
        Colección de folletos Biblioteca del Ateneo de Madrid Biblioteca del Ateneo de Madrid Depósito folletos 17/01/2008     T-1037-F-12 1048167 23/02/2023 23/02/2023 Folleto